Valparaíso, más allá de la postal: 50 años de cine chileno, 1960-2010
Saved in:
| Main Author: | |
|---|---|
| Format: | Book |
| Language: | Spanish |
| Published: |
Valparaíso
Universitarias
2011
|
| Subjects: | |
| Tags: |
Add Tag
No Tags, Be the first to tag this record!
|
MARC
| LEADER | 00000cam a2200000 a 4500 | ||
|---|---|---|---|
| 001 | UCG8752 | ||
| 003 | CL-VaPUC | ||
| 005 | 20240731095225.0 | ||
| 008 | 111229e20110000CL |||||||||||||||||spa|d | ||
| 999 | |c 346350 |d 346348 | ||
| 020 | |a 9789561704985 | ||
| 040 | |c Pontificia Universidad Católica de Valparaíso | ||
| 082 | 0 | 4 | |a 790 |b ABA |2 21 |
| 100 | |a Abarca Lobos, Claudio |e autor |9 559580 | ||
| 245 | 1 | 0 | |a Valparaíso, más allá de la postal: 50 años de cine chileno, 1960-2010 |
| 260 | |a Valparaíso |b Universitarias |c 2011 | ||
| 300 | |a 191 p | ||
| 583 | |a last modification |c 20111229 10:48:00 |k Rodrigo Vera | ||
| 650 | 0 | |a Artes recreativas y de la actuación |9 557940 | |
| 650 | 0 | |a Cine chileno |9 265165 | |
| 650 | 0 | |a Historia del cine |9 265166 | |
| 942 | |c BK |2 ddc | ||
| 945 | |d 20111229 00:00:00 |a dcastane | ||
| 952 | |0 0 |1 0 |4 0 |6 790_000000000000000_ABA_2011 |7 0 |8 C |9 447016 |a BIBCUR |b BIBCUR |d 2019-11-22 |i 479334K |o 790 ABA 2011 |p 479334K |r 2025-04-22 |w 2019-11-22 |y BK |k CAC | ||
| 952 | |0 0 |1 0 |4 0 |6 790_000000000000000_ABA_2011 |7 0 |8 C |9 447017 |a BIBCUR |b BIBCUR |d 2019-11-22 |i 4815203 |o 790 ABA 2011 |p 4815203 |r 2025-04-22 |w 2019-11-22 |y BK |k CAC | ||
| 952 | |0 0 |1 0 |3 erb |4 0 |6 790_000000000000000_ABA_2011 |7 0 |8 A |9 447018 |a BIBEDU |b BIBEDU |i 5260671 |o 790 ABA 2011 |p 5260671 |r 2019-11-22 |w 2019-11-22 |y BK |z Catalogado en:20160107 |k LIT | ||
| 952 | |0 0 |1 0 |3 erb |4 0 |6 790_000000000000000_ABA_2011 |7 0 |8 A |9 447019 |a BIBEDU |b BIBEDU |i 526068K |o 790 ABA 2011 |p 526068K |r 2019-11-22 |w 2019-11-22 |y BK |z Catalogado en:20160107 |k LIT | ||
| 952 | |0 0 |1 0 |3 erb |4 0 |6 790_000000000000000_ABA_2011 |7 0 |8 A |9 447020 |a BIBEDU |b BIBEDU |i 5260698 |o 790 ABA 2011 |p 5260698 |r 2019-11-22 |w 2019-11-22 |y BK |z Catalogado en:20160107 |k LIT | ||
| 952 | |0 0 |1 0 |3 erb |4 0 |6 790_000000000000000_ABA_2011 |7 0 |8 X |9 447021 |a FDOBUD |b FDOBUD |i 5302714 |o 790 ABA 2011 |p 5302714 |r 2019-11-22 |w 2019-11-22 |y BK_X |z Catalogado en:20160428 |k FHP | ||